000 00264nam a2200109 4500
999 _c507616
_d507616
082 _aL1x5433 1975-76
100 _aGovernment of Punjab
_92065
245 _aBudget, Punjab, 1975-76
260 _aChandigarh
_bGovernment Press
_c1975
300 _av.p.
942 _2ddc